| Record ID | ia:keplersdream0000lear |
| Source | Internet Archive |
| Download MARC XML | https://archive.org/download/keplersdream0000lear/keplersdream0000lear_marc.xml |
| Download MARC binary | https://www.archive.org/download/keplersdream0000lear/keplersdream0000lear_meta.mrc |
LEADER: 00755nam a22002291 4500
001 64021775
003 DLC
005 19841108000000.0
008 760802s1965 caua b 00000 eng
010 $a 64021775 //r84
040 $cWa
041 1 $aengunk
050 0 $aQB41.K422$bL4
082 $a523.3
100 10 $aLear, John.
245 10 $aKepler's Dream.$cWith the full text and notes of Somnium, sive Astronomia lunaris Joannis Kepleri. Translated by Patricia Frueh Kirkwood.
260 0 $aBerkeley,$bUniversity of California Press,$c1965.
300 $a182 p.$billus.$c23 cm.
504 $aBibliographical footnotes.
600 10 $aKepler, Johannes,$d1571-1630.$tSomnium.
700 12 $aKepler, Johannes,$d1571-1630.$tSomnium. English. 1965.
850 $aWaOE